000 01058cab a2200397 4500
001 ABS58553
008 090401t1998 xxu||||| |||| 00| 0 eng d
035 _a(Sirsi) u85503
041 _aeng
245 _aRegional survey: Sussex
260 _c1998
350 _a0
490 _aProperty Week
_v62(12) 3 April 1998, 38-57(7)
650 _aBRIGHTON
650 _aCHICHESTER
650 _aCRAWLEY
650 _aDUTY FREE
650 _aEASTBOURNE
650 _aEMPLOYMENT ISSUES
650 _aEMPLOYMENT
650 _aGATWICK AIRPORT
650 _aHASTINGS
650 _aHORSHAM
650 _aHOVE
650 _aINDUSTRIAL MARKET
650 _aLEWES
650 _aPROPERTY-COMMERCIAL PROPERTY-OFFICE PROPERTY-OFFICE PROPERTY MARKET
650 _aPLANNING ISSUES
650 _aPLANNING
650 _aPROPERTY-COMMERCIAL PROPERTY-RETAIL PROPERTY-RETAIL PROPERTY MARKET
650 _aSUSSEX
650 _aWORTHING
690 _aPROPERTY-COMMERCIAL PROPERTY-COMMERCIAL PROPERTY MARKET
942 _n0
948 _c08/04/1998
999 _c53766
_d53766